Pays où la taux de suicide est le plus élevé - Statistiques

Statistiques générales
  • Ce quiz a été pris 154 fois
    147 depuis la dernière actualisation
  • Le résultat moyen est 14 sur 30
Statistiques - réponses
Hint Réponse % Correct
24,4 Japon
93%
15,7 France
91%
21,6 Chine
90%
30,1 Russie
86%
33,3 Corée du sud
78%
15,1 Pologne
68%
18,0 Belgique
65%
13,7 Suisse
65%
22,2 Ukraine
65%
12,4 Roumanie
61%
14,4 Estonie
57%
35,1 Biélorussie
56%
19,9 Hongrie
54%
15,2 Autriche
53%
19,8 Lettonie
53%
30,7 Lituanie
52%
16,2 Croatie
50%
17,6 Finlande
50%
12,5 Slovaquie
49%
19,5 Slovénie
47%
15,6 Moldavie
40%
13,2 Nouvelle-Zélande
29%
12,4 Cuba
22%
21,5 Sri Lanka
15%
22,9 Guyana
13%
15,0 Uruguay
11%
12,1 Suriname
10%
15,2 Hong Kong
5%
12,8 Seychelles
1%
12,6 Trinité-et-Tobago
1%
Aucun quiz correspondant
Distribution des résultats
% des personnes avec chaque résultat
Percentile par nombre de réponses
Votre historique - résultats
Vous n’avez pas pris ce quiz depuis la dernière actualisation